000 00318nam a2200145Ia 4500
008 230917s9999||||xx |||||||||||||| ||und||
040 _e134104
_aMAIN
041 _aEnglish
082 _a515 S55C
100 _aSmith, E S
245 0 _aCalculus
260 _aNew York
_bWiley
_c1967
300 _a520 p.
942 _cBK
999 _c94107
_d94107